000 00285nam a2200109Ia 4500
008 190914s9999||||xx |||||||||||||| ||und||
100 _aJames R.Richard
245 0 _aTransnational Criminal Organizations Cybercrime
260 _alondon
_bCRC Press
_c1997
300 _a652
942 _cBK
999 _c9023
_d9023